| 000 | 00842nam a2200241 4500 | ||
|---|---|---|---|
| 999 |
_c12862 _d12862 |
||
| 003 | MIRAKIL | ||
| 005 | 20190307134209.0 | ||
| 008 | 190307b tu ||||| |||| 00| 0 tur d | ||
| 020 | _a068483958x | ||
| 040 |
_aTR-AnCHP _cTR-AnCHP |
||
| 041 | _aeng | ||
| 082 |
_a973.928092 _bB87a 1999 |
||
| 100 | _aBush, George | ||
| 245 | 1 | 0 |
_aAll the best, George Bush : _bmy life in letters and other writings / _cGeorge Bush. |
| 246 | _amy life in letters and other writings | ||
| 260 |
_aNew York: _bScribner, _c1999. |
||
| 300 |
_a640 s.: _bfotğ., _c24 sm. |
||
| 504 | _aDizin vardır. | ||
| 600 | 0 |
_95343 _aBush, George _cAmerika Birleşik Devletleri başkanı _d1946- _xyaşamöyküsü |
|
| 650 | 0 |
_95273 _aDevlet başkanları _xAmerika Birleşik Devletleri yazışmaları |
|
| 740 | _amy life in letters and other writings | ||
| 942 |
_2ddc _cBKS |
||